Normal view
MARC view
- ACC NO-30149
Entry Topical Term
001 - CONTROL NUMBER
- control field: 71986
003 - CONTROL NUMBER IDENTIFIER
- control field: NUST
005 - DATE AND TIME OF LATEST TRANSACTION
- control field: 20210628204726.0
008 - FIXED-LENGTH DATA ELEMENTS
- fixed length control field: 210628|| aca||aabn | a|a d
040 ## - CATALOGING SOURCE
- Original cataloging agency: NUST
- Transcribing agency: NUST
150 ## - HEADING--TOPICAL TERM
- Topical term or geographic name entry element: ACC NO-30149
670 ## - SOURCE DATA FOUND
- Source citation: Work cat.: (NUST): Mohammad, Munir Hasan 71985, Fundamentals of alternating current, 1995
